000 02646nam0a2200385 4500
001 RU\NLR\BIBL_A\022316582
005 20241106145129.0
010 _a978-5-00187-886-5
_9100
021 _aRU
_bКН-П-24-044102
_9КН-П-24-4391
035 _a(NLR Aleph) 022316582
090 _a13256470
_c13256470
100 _a20240910d2024 u y0rusy50 ca
101 0 _arus
102 _aRU
105 _aac z 100ay
181 0 _ai
_baxxe
182 0 _an
200 1 _aМоя Югра
_eсборник сценариев открытого конкурса историко-краеведческих авторских настольных игр и сценариев интеллектуальных игр
_fМуниципальное образование - городской округ Югорск Ханты-Мансийского автономного округа - Югры, Автономная некоммерческая организация "Центр социально полезных услуг "Доброе сердце", Муниципальное бюджетное учреждение "Централизованная библиотечная система г. Югорска"
_gсоставитель И. Е. Голикова
203 _aТекст
_bвизуальный
_cнепосредственный
210 _aНовокузнецк
_cСоюз писателей
_d2024
215 _a112, [3] с.
_cил., портр.
_d22
606 1 _aИгры интеллектуальные
_jСборники
_yХанты-Мансийский автономный округ-Югра
_92646874
_3RU\NLR\AUTH\6601746356
606 1 _aБиблиотеки
_jСборники
_xРабота с читателем
_yХанты-Мансийский автономный округ-Югра
_92646889
_3RU\NLR\AUTH\6601746376
686 1 _aЧ711.259я43
686 1 _aЧ421.382.59я43
686 1 _aЧ735.11я43
686 1 _aЧ734(2Р-4Тю-6Х)7я43
702 1 _aГоликова
_bИ. Е.
_4220
711 1 2 _a"Моя Югра", открытый конкурс историко-краеведческих авторских настольных игр и сценариев интеллектуальных игр
_eЮгорск
_f2023-2024
_92643081
_3RU\NLR\AUTH\880615723
712 0 2 _4557
_a"Доброе сердце", центр социально-полезных услуг
_cЮгорск
_92643083
_3RU\NLR\AUTH\880615724
942 _cBOOK
980 _aNB